000 00496nam a2200181Ia 4500
003 GCL
008 140319s9999 xx 000 0 eng d
040 _aGCL /
_cGCL
082 0 4 _a620.11
_bW E
100 1 _aPANEL OF SPECIALISTS
245 1 0 _aELSEUIER MATERIALS SELECTOR /
_cPANEL OF SPECIALISTS
260 _a[S.N] :
_bMACMILLAN PUBLISHING COMPANY ،
_c1991
300 _a2228 P
650 0 4 _aMATERIALS
650 0 4 _aMATERIALS SCIENCE
650 0 4 _aMATERIALS ENGINEERING
942 _2ddc
_cBK
999 _c16147
_d16147